<?xml version="1.0" encoding="UTF-8"?><?xml-stylesheet type="text/xsl" href="static/style.xsl"?><OAI-PMH xmlns="http://www.openarchives.org/OAI/2.0/" xmlns:xsi="http://www.w3.org/2001/XMLSchema-instance" xsi:schemaLocation="http://www.openarchives.org/OAI/2.0/ http://www.openarchives.org/OAI/2.0/OAI-PMH.xsd"><responseDate>2026-04-14T03:24:43Z</responseDate><request verb="GetRecord" identifier="oai:www.recercat.cat:2117/17020" metadataPrefix="marc">https://recercat.cat/oai/request</request><GetRecord><record><header><identifier>oai:recercat.cat:2117/17020</identifier><datestamp>2025-07-17T11:25:50Z</datestamp><setSpec>com_2072_1033</setSpec><setSpec>col_2072_452950</setSpec></header><metadata><record xmlns="http://www.loc.gov/MARC21/slim" xmlns:dcterms="http://purl.org/dc/terms/" xmlns:xsi="http://www.w3.org/2001/XMLSchema-instance" xmlns:doc="http://www.lyncode.com/xoai" xsi:schemaLocation="http://www.loc.gov/MARC21/slim http://www.loc.gov/standards/marcxml/schema/MARC21slim.xsd">
   <leader>00925njm 22002777a 4500</leader>
   <datafield ind2=" " ind1=" " tag="042">
      <subfield code="a">dc</subfield>
   </datafield>
   <datafield ind2=" " ind1=" " tag="720">
      <subfield code="a">Mateo Doll, Manuel</subfield>
      <subfield code="e">author</subfield>
   </datafield>
   <datafield ind2=" " ind1=" " tag="720">
      <subfield code="a">Torre Martínez, María del Rocío de la</subfield>
      <subfield code="e">author</subfield>
   </datafield>
   <datafield ind2=" " ind1=" " tag="720">
      <subfield code="a">D'Armas, Mayra</subfield>
      <subfield code="e">author</subfield>
   </datafield>
   <datafield ind2=" " ind1=" " tag="260">
      <subfield code="c">2012</subfield>
   </datafield>
   <datafield ind2=" " ind1=" " tag="520">
      <subfield code="a">En este trabajo se resuelve un problema de creación de celdas cooperativas en un grupo de tiendas que forman parte de una misma franquicia, que permitan evitar las posibles roturas de stocks derivadas de incrementos puntuales de la demanda. El problema de las celdas cooperativas se inscribe en el marco del Vehicle Routing Problem (VRP). Para la resolución del problema se aplicaron dos procedimientos basados en el estudio de las distancias entre los componentes de las celdas. El primero (GCSI) sigue dos fases: en primer lugar se genera una solución inicial intuitiva y posteriormente se aplica un procedimiento de mejora fundamentado en el Variable Neighborhood Search (VNS) con aportaciones propias del Multi-Start Local Search (MSLS). En el segundo (GCGRASP) se aplica un GRASP. Los dos procedimientos se experimentaron en un caso real que consta de 116 tiendas, todas pertenecientes a la misma cadena de franquicias y ubicadas en la zona sur de Inglaterra. Los resultados demuestran que el procedimiento GCGRASP puede alcanzar valores de la distancia media por celda inferiores a los que se obtienen aplicando el procedimiento GCSI. No obstante, los tiempos de cálculo en aplicar el procedimiento GCSI son muy inferiores a los tiempos obtenidos para el procedimiento GCGRASP.</subfield>
   </datafield>
   <datafield ind2=" " ind1=" " tag="520">
      <subfield code="a">Postprint (published version)</subfield>
   </datafield>
   <datafield tag="653" ind2=" " ind1=" ">
      <subfield code="a">Àrees temàtiques de la UPC::Economia i organització d'empreses</subfield>
   </datafield>
   <datafield tag="653" ind2=" " ind1=" ">
      <subfield code="a">Franquícies</subfield>
   </datafield>
   <datafield tag="653" ind2=" " ind1=" ">
      <subfield code="a">Logística (Indústria)</subfield>
   </datafield>
   <datafield tag="653" ind2=" " ind1=" ">
      <subfield code="a">Transport</subfield>
   </datafield>
   <datafield ind2="0" ind1="0" tag="245">
      <subfield code="a">Creación de celdas cooperativas en un grupo de tiendas de una misma franquicia</subfield>
   </datafield>
</record></metadata></record></GetRecord></OAI-PMH>